<?xml version="1.0" encoding="UTF-8"?>
<record
    xmlns:xsi="http://www.w3.org/2001/XMLSchema-instance"
    xsi:schemaLocation="http://www.loc.gov/MARC21/slim http://www.loc.gov/standards/marcxml/schema/MARC21slim.xsd"
    xmlns="http://www.loc.gov/MARC21/slim">

  <leader>00973nam a22002777a 4500</leader>
  <controlfield tag="003">BI-BuBU</controlfield>
  <controlfield tag="008">100111t        be||||dr|||| 001 0dfre d</controlfield>
  <datafield tag="020" ind1=" " ind2=" ">
    <subfield code="a">9782804139926</subfield>
  </datafield>
  <datafield tag="020" ind1=" " ind2=" ">
    <subfield code="a">2804139921</subfield>
  </datafield>
  <datafield tag="037" ind1=" " ind2=" ">
    <subfield code="b">Achat</subfield>
  </datafield>
  <datafield tag="039" ind1=" " ind2=" ">
    <subfield code="a">bb</subfield>
  </datafield>
  <datafield tag="040" ind1=" " ind2=" ">
    <subfield code="a">BI-BuBU</subfield>
    <subfield code="b">fre</subfield>
    <subfield code="c">BI-BuBU</subfield>
  </datafield>
  <datafield tag="080" ind1=" " ind2=" ">
    <subfield code="a">338.973.</subfield>
  </datafield>
  <datafield tag="100" ind1="1" ind2=" ">
    <subfield code="4">aut.</subfield>
    <subfield code="a">Darreau, Philippe</subfield>
    <subfield code="9">11139</subfield>
  </datafield>
  <datafield tag="245" ind1="1" ind2=" ">
    <subfield code="a">Croissance et politique &#xE9;conomique</subfield>
    <subfield code="c">Philippe Darreau ; av.-pr. de Christian Bordes</subfield>
  </datafield>
  <datafield tag="260" ind1=" " ind2=" ">
    <subfield code="a">Bruxelles</subfield>
    <subfield code="b">De Boeck Universit&#xE9;</subfield>
    <subfield code="c">2003</subfield>
  </datafield>
  <datafield tag="300" ind1=" " ind2=" ">
    <subfield code="a">315 p.</subfield>
    <subfield code="b">couv. ill. en coul.</subfield>
    <subfield code="c">24 cm.</subfield>
  </datafield>
  <datafield tag="440" ind1=" " ind2="0">
    <subfield code="a">Ouvertures &#xE9;conomiques</subfield>
    <subfield code="p">Balises</subfield>
    <subfield code="x">07772823</subfield>
    <subfield code="9">11140</subfield>
  </datafield>
  <datafield tag="504" ind1=" " ind2=" ">
    <subfield code="a">Bibliogr. Index</subfield>
  </datafield>
  <datafield tag="650" ind1=" " ind2="7">
    <subfield code="2">BI-BuBU</subfield>
    <subfield code="a">Croissance &#xE9;conomique</subfield>
    <subfield code="9">11141</subfield>
  </datafield>
  <datafield tag="650" ind1=" " ind2="7">
    <subfield code="2">BI-BuBU</subfield>
    <subfield code="a">Politique &#xE9;conomique</subfield>
    <subfield code="9">11142</subfield>
  </datafield>
  <datafield tag="700" ind1="1" ind2=" ">
    <subfield code="4">pbd</subfield>
    <subfield code="a">Bordes, Christian</subfield>
    <subfield code="9">11143</subfield>
  </datafield>
  <datafield tag="942" ind1=" " ind2=" ">
    <subfield code="2">udc</subfield>
    <subfield code="c">BK</subfield>
  </datafield>
  <datafield tag="999" ind1=" " ind2=" ">
    <subfield code="c">2962</subfield>
    <subfield code="d">2962</subfield>
  </datafield>
  <datafield tag="952" ind1=" " ind2=" ">
    <subfield code="0">0</subfield>
    <subfield code="1">0</subfield>
    <subfield code="2">udc</subfield>
    <subfield code="4">0</subfield>
    <subfield code="7">0</subfield>
    <subfield code="9">4001</subfield>
    <subfield code="a">BFSEA</subfield>
    <subfield code="b">BFSEA</subfield>
    <subfield code="d">2010-01-11</subfield>
    <subfield code="e">Achat</subfield>
    <subfield code="l">0</subfield>
    <subfield code="o">338.973.DAR.</subfield>
    <subfield code="p">5020000020230</subfield>
    <subfield code="r">2010-01-11</subfield>
    <subfield code="t">1</subfield>
    <subfield code="v">37.00</subfield>
    <subfield code="w">2010-01-11</subfield>
    <subfield code="y">BK</subfield>
  </datafield>
</record>
